Cenová politika vývozních firem na světovém trhu.
Koncepcia cenovej politiky by mala vychádzať z predpokladaného vývoja trhu a z prosperity firmy v najbližších niekoľkých rokoch. Musí byť podriadená dlhodobej rozvojovej obchodnej koncepcii, hospodárskym zámerom firmy a zlepšeniu jej postavenia na trhu. Stanovenie predajných cien na úrovni reprezent...
Saved in:
| Main Author: | |
|---|---|
| Format: | Book Chapter |
| Language: | Czech |
| Subjects: | |
| Tags: |
No Tags, Be the first to tag this record!
|
MARC
| LEADER | 00000naa a2200000 4500 | ||
|---|---|---|---|
| 001 | r012347 | ||
| 005 | 20220913122148.9 | ||
| 041 | 0 | |a cze | |
| 044 | |a CZ | ||
| 245 | 1 | 0 | |a Cenová politika vývozních firem na světovém trhu. |c J. Žemlička |
| 520 | |a Koncepcia cenovej politiky by mala vychádzať z predpokladaného vývoja trhu a z prosperity firmy v najbližších niekoľkých rokoch. Musí byť podriadená dlhodobej rozvojovej obchodnej koncepcii, hospodárskym zámerom firmy a zlepšeniu jej postavenia na trhu. Stanovenie predajných cien na úrovni reprezentatívnej zahraničnej konkurencie a prirážkou k nákladom. Opatrenia výrobných podnikov proti stratám z poklesu cien. | ||
| 610 | 2 | 0 | |a politika cenová |
| 610 | 2 | 0 | |a firmy |
| 610 | 2 | 0 | |a vývoz |
| 610 | 2 | 0 | |a tvorba cien |
| 610 | 2 | 0 | |a konkurencia |
| 610 | 2 | 0 | |a trh zahraničný |
| 610 | 2 | 0 | |a ceny vývozné |
| 100 | 1 | |a Žemlička, J. | |